| 000 | 00396nam a2200145Ia 4500 | ||
|---|---|---|---|
| 005 | 20250620032150.0 | ||
| 008 | 240331s9999 xx 000 0 und d | ||
| 082 |
_bWIJ _a322Ratmalana |
||
| 100 | _aWijayalath, C | ||
| 245 | 0 | _aWijeveera ghathanaye abhirahasa | |
| 260 |
_aRatmalana _bNawamage printers _c1994 |
||
| 300 | _a94 p ., | ||
| 500 | _aA book of mystery of Wijeweera's murder | ||
| 942 | _cL | ||
| 999 |
_c2516 _d2516 |
||